Statistics for Irish Footballers to Win the League in Foreign Countries

Click here to take the quiz!

General Stats

  • This quiz has been taken 49 times
    (34 since last reset)
  • The average score is 22 of 26

Answer Stats

Club and Year WonPlayer% Correct
Manchester United 1993-94Roy Keane
100%
Manchester United 1994-95Roy Keane
100%
Manchester United 1995-96Roy Keane
100%
Manchester United 1996-97Roy Keane
100%
Manchester United 1998-99Roy Keane
100%
Manchester United 1999-00Roy Keane
100%
Manchester United 2000-01Roy Keane
100%
Manchester United 2002-03Roy Keane
100%
Chelsea 2005-06Damien Duff
92%
Chelsea 2004-05Damien Duff
92%
Manchester United 2002-03John O'Shea
92%
Manchester United 2010-11John O'Shea
92%
Manchester United 2008-09John O'Shea
92%
Manchester United 2007-08John O'Shea
92%
Manchester United 2006-07John O'Shea
92%
Manchester United 1992-93Dennis Irwin
79%
Manchester United 2000-01Dennis Irwin
79%
Manchester United 1993-94Dennis Irwin
79%
Manchester United 1999-00Dennis Irwin
79%
Manchester United 1998-99Dennis Irwin
79%
Manchester United 1996-97Dennis Irwin
79%
Manchester United 1995-96Dennis Irwin
79%
Manchester United 1994-95Dennis Irwin
79%
Liverpool 2019-20Caoimhin Kelleher
75%
Manchester United 2010-11Darron Gibson
33%
Sporting Cp 2001-02Phil Babb
13%

Score Distribution

Percentile by Number Answered

Percent of People with Each Score

Your Score History

You have not taken this quiz since the last reset